• 首页
  • 本馆介绍
  • 公告通知
  • 最新文献
  • 馆藏检索
  • 电子资源
  • 读者导购
  • 参考咨询
  • 我的图书馆
  • 登录
  • 详细信息显示
  • 放入我的书架
  • 预约/预借图书
  • 作者相关作品
  • 分类相关作品
  • 丛书相关作品
  • 出版社相关作品

书目信息

  • 表格格式
  • 工作单格式
  • 卡片格式
书名: Matrix theory
作者: [by] Joel N. Franklin.
分册号:
分册名:
出版地: Englewood Cliffs, N.J. :
 
出版社: Prentice-Hall
出版时间: [1968].
页数: xii, 292 p. :
开本: 24 cm.
丛书名: Prentice-Hall series in applied mathematics
中图分类号:
科图分类号:
其他分类号: O151:H31
主题词:
电子资源:
000 00813cam 2200289 45
001 E0733848034
003 OCoLC
005 20070228092557.56
008 991210s1968 njua 000 0 eng
010    @a 68016345 //r90
015    @aGB68-19749
020    @cCNY1.40.
040    @aDLC@cDLC@dWQM@dUKM
050 00 @aQA263@b.F72
082 00 @a512/.896
090    @aP137.1/W50
090    @aO151:H31
099    @dO151:H31@ex27
100 1  @aFranklin, Joel N.
245 10 @aMatrix theory / @c[by] Joel N. Franklin.
260    @aEnglewood Cliffs, N.J. :@bPrentice-Hall,@c[1968].
300    @axii, 292 p. :@billus. ;@c24 cm.
440  0 @aPrentice-Hall series in applied mathematics
650  0 @aMatrices.
650  2 @aMathematics.
905    @a80-16400@bLib
920    @a232010@z2
    
    Matrix theory / / [by] Joel N. Franklin.-Englewood Cliffs, N.J. : : Prentice-Hall, , [1968].
    xii, 292 p. : : illus. ; ; 24 cm.- (Prentice-Hall series in applied mathematics )
    
    
    ISBN CNY1.40.
    
●
相关链接 在E读中查询图书 在五车中查询图书 在当当中查询图书 在豆瓣中查询图书


正题名:Matrix theory     索取号:O151:H31/x27         预约/预借

序号 登录号 条形码 馆藏地/架位号 状态 备注
1 49370   000454449   第四借阅区/ [索取号:O151:H31/x27] 在馆    
2 49371   000454537   第四借阅区/ [索取号:O151:H31/x27] 在馆    
唐山师范学院图书馆 欢迎您!
大连网信软件有限公司© 版权所有